000 00651cam a2200205 4500500
005 20260405004043.0
041 _afre
042 _adc
100 1 0 _aPourriol, Ollivier
_eauthor
245 0 0 _aSophistes contre lanceurs d’alerte dans le cinéma
260 _c2020.
500 _a18
690 _aCaverne
690 _aCinéma
690 _aProtagoras
690 _aSocrate
690 _aSophistes
786 0 _nPhilosophie magazine - Hors séries | Hors-série - Été 2020 | HS45 | 2020-05-01 | p. 19-20 | 2104-9246
856 4 1 _uhttps://shs.cairn.info/magazine-philosophie-magazine-2020-hs45-page-19?lang=fr&redirect-ssocas=7080
999 _c2073255
_d2073255